000 00603nam a22001457a 4500
020 _a978-0-00-725891-8
082 _a823
_bLAH/N
100 _aLAHIRI, JHUMPA
245 _aTHE NAMESAKE
260 _aLONDON
_bHARPER COLLINS
_c2011
300 _a291
520 _aThe Namesake tells the story of the Ganguli family, which includes Ashima and Ashoke (the parents who immigrate from India to Boston), Gogol (the protagonist of the novel), and his sister Sonia. Most of the novel centers on Gogol and his life as he tries to come to terms with his identity.
650 _aNOVEL
_zUNITED KINGDOM
942 _cBK
999 _c3464
_d3464